Productive Home Office

Článok je venovaný produktívnej domácej práci. Cieľom článku bolo zanalyzovať nástroje pre domácu kanceláriu, kategorizovať vybrané nástroje, popísať ich možnosti a ich využitie podmienené novými okolnosťami v spoločnosti, ktorá bola ovplyvnená pandémiou COVID-19. Práca z kancelárie sa presunula do...

Descrizione completa

Salvato in:
Dettagli Bibliografici
Autore principale: Szivósová, Mária, 1958-
Natura: Capitolo di libro
Lingua:inglese
Soggetti:
Tags: Aggiungi Tag
Nessun Tag, puoi essere il primo ad aggiungerne!!

MARC

LEADER 00000naa$a2200000$$$4500
001 0281050
005 20240502074351.6
041 0 |a eng 
044 |a SK 
245 1 0 |a Productive Home Office  |c Mária Szivósová 
520 |a Článok je venovaný produktívnej domácej práci. Cieľom článku bolo zanalyzovať nástroje pre domácu kanceláriu, kategorizovať vybrané nástroje, popísať ich možnosti a ich využitie podmienené novými okolnosťami v spoločnosti, ktorá bola ovplyvnená pandémiou COVID-19. Práca z kancelárie sa presunula do domácnosti. 
610 2 0 |a práca 
610 2 0 |a práca z domu 
610 2 0 |a technológie informačné 
610 2 0 |a technológie komunikačné 
610 2 0 |a internet 
610 2 0 |a pandémia 
100 1 |a Szivósová, Mária, 1958-